Estadísticas para Top 100 películas de IMDB

Haz click aquí para intentar la prueba.

Estadísticas generales

  • Esta prueba ha sido intentada 46 veces
  • La puntuación promedio es 24 de 100

Estadísticas de respuestas

#AñoActorPersonajePelícula% Correcto
21972Marlon BrandoVito CorleoneEl Padrino
98%
111994Tom HanksForrest GumpForrest Gump
83%
592008Ben BurttWALL-EWALL-E
68%
562012Jamie FoxxDjangoDjango desencadenado
65%
81994John TravoltaVincent VegaPulp Fiction
65%
381994Matthew BroderickSimbaEl rey León
60%
72003Viggo MortensenAragornEl señor de los anillos: El retorno del rey
60%
171999Keanu ReevesNeoMatrix
58%
122002Ian McKellenGandalfEl señor de los anillos: Las dos torres
53%
902023Cillian MurphyJ. Robert OppenheimerOppenheimer
53%
32008Christian BaleBruce WayneBatman: El caballero oscuro
50%
241991Anthony HopkinsHannibal LecterEl silencio de los corderos
50%
372000Russell CroweMáximo Décimo MeridioGladiator
50%
61993Liam NeesonOskar SchindlerLa lista de Schindler
50%
92001Elijah WoodFrodo BolsónEl señor de los anillos: La comunidad del anillo
48%
812019Joaquin PhoenixArthur FleckJoker
48%
771995Tom HanksSheriff WoodyToy Story
48%
311985Michael J. FoxMarty McFlyRegreso al futuro
45%
131999Edward Norton---El club de la lucha
43%
802019Robert Downey Jr.Iron ManVengadores: Endgame
43%
332002Adrien BrodyWładysław SzpilmanEl pianista
40%
661980Jack NicholsonJack TorranceEl resplandor
40%
11994Tim RobbinsAndrew DufresneCadena perpetua
38%
322001Rumi HiiragiChihiro OginoEl viaje de Chihiro
38%
941983Mark HamillLuke SkywalkerStar Wars: El retorno del Jedi
38%
642018Josh BrolinThanosVengadores: Infinity War
38%
152024Timothée ChalametPaul AtreidesDune: parte 2
35%
271997Roberto BenigniGuido OreficeLa vida es bella
35%
932010Tom HanksSheriff WoodyToy Story 3
35%
831997Matt DamonWill HuntingEl indomable Will Hunting
33%
212014Matthew McConaugheyJoseph CooperInterstellar
33%
201995Brad PittDavid MillsSeven
33%
161980Harrison FordHan SoloStar Wars: El imperio contraataca
33%
761984Tom HulceMozartAmadeus
30%
342019Song Kang-hoKim Ki-taekParásitos
30%
791995Mel GibsonWilliam WallaceBraveheart
28%
41974Al PacinoMichael CorleoneEl Padrino parte II
28%
702009Christoph WaltzHans LandaMalditos bastardos
28%
351960Vince VaughnNorman Bates.Psicosis
28%
531979Sigourney WeaverEllen RipleyAlien, el octavo pasajero
25%
681940Charles ChaplinAdenoid HynkelEl gran dictador
25%
281999Tom HanksPaul EdgecombLa milla verde
25%
142010Leonardo DiCaprioDom CobbOrigen
23%
181990Ray LiottaHenry HillUno de los nuestros
23%
191975Jack NicholsonRandle McMurphyAlguien voló sobre el nido del cuco
20%
752017Anthony GonzalezMiguelCoco
20%
101966Clint EastwoodRubioEl bueno, el feo y el malo
20%
601981Harrison FordIndiana JonesIndiana Jones: En busca del arca perdida
20%
301977Mark HamillLuke SkywalkerStar Wars: Una nueva esperanza
20%
422014Miles TellerAndrew NeimanWhiplash
20%
51957Henry FondaJurado 812 hombres sin piedad
18%
731999Kevin SpaceyLester BurnhamAmerican Beauty
18%
712012Christian BaleBruce WayneBatman: La leyenda renace
18%
471942Humphrey BogartRick BlaineCasablanca
18%
262002Alexandre RodriguesBuscapéCiudad de Dios
18%
432006Christian BaleAlfred BordenEl truco final
18%
251998Tom HanksJohn H. MillerSalvar al soldado Ryan
18%
1001962Peter O'TooleT. E. LawrenceLawrence de Arabia
15%
231954Toshirō MifuneKikuchiyoLos siete samuráis
15%
981992Harvey KeitelMr. WhiteReservoir Dogs
15%
291991Edward FurlongJohn ConnorTerminator 2: El juicio final
15%
501936Charles Chaplin---Tiempos modernos
15%
491988Salvatore CascioSalvatore Di VitaCinema Paradiso
13%
402006Leonardo DiCaprioBilly CostiganInfiltrados
13%
482011Omar SyDrissIntocable
13%
962012Mads MikkelsenLucasLa caza
13%
411998Edward FurlongDaniel VinyardAmerican History X
10%
551979Marlon Brando
Coronel Kurtz
Apocalypse Now
10%
631957Kirk DouglasCoronel DaxSenderos de gloria
10%
362023Shameik MooreMiles MoralesSpider-Man: Cruzando el multiverso
10%
691986Sigourney WeaverEllen RipleyAliens: El regreso
8%
391994Jean RenoLeónEl profesional (León)
8%
541931Charles ChaplinCharlotLuces de ciudad
8%
652018Shameik MooreMiles MoralesSpider-Man: Un nuevo universo
8%
881952Gene KellyDon LockwoodCantando bajo la lluvia
5%
851984Robert De NiroDavid Aaronson "Noodles"Érase una vez en América
5%
821997Yōji MatsudaAshitakaLa princesa Mononoke
5%
572000Guy PearceLeonard ShelbyMemento
5%
451962Tatsuya NakadaiTsugumo HanshirōHarakiri
3%
612006Ulrich MüheGerd WieslerLa vida de los otros
3%
921985Alekséi KrávchenkoFlorya GaishunMasacre. Ven y mira
3%
742003Joe DoucettJosh BrolinOld boy
3%
952004Jim CarreyJoel Barish¡Olvídate de mí!
3%
221946James StewartGeorge Bailey¡Que bello es vivir!
3%
912000Ellen BurstynSara GoldfarbRéquiem por un sueño
3%
461995Kevin SpaceyRoger "Verbal" KintSospechosos habituales
3%
842016Ryūnosuke KamikiTaki TachibanaYour Name
3%
582023Vikrant MasseyManoj Kumar Sharma12th Fail
0%
971968Keir DulleaDavid Bowman2001: Una odisea del espacio
0%
872009Aamir KhanRanchoddas "Rancho" Shamaldas Chanchad3 Idiots
0%
892018Zain Al RafeeaZainCafarnaúm
0%
621950William HoldenJoe GillisEl crepúsculo de los dioses
0%
861963Toshirô MifuneKingo GondoEl infierno del odio
0%
781981Jürgen ProchnowCapitán Henrich Lehmann-WillenbrockEl submarino
0%
521968Henry FondaFrankHasta que llegó su hora
0%
441988Tsutomu TatsumiSeitaLa tumba de las luciérnagas
0%
511954James StewartLB "Jeff" JefferiesLa ventana indiscreta
0%
721964Peter SellersDr. Strangelove¿Teléfono rojo? Volamos hacia Moscú
0%
671957Charles LaughtonSir Wilfrid RobertsTestigo de cargo
0%
991952Ge YouXu FuguiVivir
0%

Distribución de puntuación

Porcentaje por número respondido

Porcentaje de gente con cada puntuación

Historial de tus puntuaciones

No has intentado esta prueba.